MARC details
| 000 -LEADER |
| fixed length control field |
01537cam a2200373 a 4500 |
| 001 - CONTROL NUMBER |
| control field |
11555 |
| 003 - CONTROL NUMBER IDENTIFIER |
| rucl marc code |
BD-RjUL |
| 005 - DATE AND TIME OF LATEST TRANSACTION |
| control field |
20211208235138.0 |
| 008 - FIXED-LENGTH DATA ELEMENTS--GENERAL INFORMATION |
| fixed length control field |
140127r1969enkab b 001 0 eng |
| 020 ## - INTERNATIONAL STANDARD BOOK NUMBER |
| International Standard Book Number |
0485196379 (paper) |
| 035 ## - SYSTEM CONTROL NUMBER |
| System control number |
(BD-RjUL)11604 |
| 040 ## - CATALOGING SOURCE |
| Original cataloging agency |
DLC |
| Transcribing agency |
DLC |
| Modifying agency |
BD-RjUL |
| Language of cataloging |
eng |
| 041 ## - LANGUAGE CODE |
| Language code of text/sound track or separate title |
eng |
| 082 00 - DEWEY DECIMAL CLASSIFICATION NUMBER |
| Classification number |
392.5096681 |
| Edition number |
21 |
| Author mark and year |
NUK 1969 |
| 100 1# - MAIN ENTRY--PERSONAL NAME |
| Personal name |
Nukunya, G. K. |
| 9 (RLIN) |
35745 |
| 245 10 - TITLE STATEMENT |
| Title |
Kinship & marriage among the Anlo Ewe / |
| Statement of responsibility, etc. |
G.K. Nukunya. |
| 246 3# - VARYING FORM OF TITLE |
| Title proper/short title |
Kinship and marriage among the Anlo Ewe |
| 260 ## - PUBLICATION, DISTRIBUTION, ETC. (IMPRINT) |
| Place of publication, distribution, etc. |
London ; |
| -- |
New Brunswick, NJ : |
| Name of publisher, distributor, etc. |
Athlone Press ; |
| Place of publication, distribution, etc. |
Somerset, N.J. : |
| Name of publisher, distributor, etc. |
Distributed in the U.S., Canada, and South America by Transaction Publishers, |
| Date of publication, distribution, etc. |
1969. |
| 300 ## - PHYSICAL DESCRIPTION |
| Pagination |
ix, 217 p. : |
| Illustrations |
ill., maps ; |
| Size |
22 cm. |
| 490 1# - SERIES STATEMENT |
| Series statement |
London School of Economics. Monographs on social anthropology ; |
| Volume/sequential designation |
v. 37 |
| 500 ## - GENERAL NOTE |
| General note |
Originally published: London : University of London, Athlone Press, 1969. |
| 504 ## - BIBLIOGRAPHY, ETC. NOTE |
| Bibliography, etc |
Includes bibliographical references (p. [209]-211) and index. |
| 650 #0 - SUBJECT ADDED ENTRY--TOPICAL TERM |
| Topical term or geographic name as entry element |
Anlo (African people) |
| General subdivision |
Marriage customs and rites. |
| 9 (RLIN) |
35746 |
|
| Topical term or geographic name as entry element |
Anlo (African people) |
| General subdivision |
Kinship. |
| 9 (RLIN) |
35747 |
|
| Topical term or geographic name as entry element |
Marriage customs and rites |
| Geographic subdivision |
Togo. |
| 9 (RLIN) |
35748 |
|
| Topical term or geographic name as entry element |
Kinship |
| Geographic subdivision |
Togo. |
| 9 (RLIN) |
35749 |
| 651 #0 - SUBJECT ADDED ENTRY--GEOGRAPHIC NAME |
| Geographic name |
Togo |
| General subdivision |
Social life and customs. |
| 9 (RLIN) |
35750 |
| 830 #0 - SERIES ADDED ENTRY--UNIFORM TITLE |
| Volume number/sequential designation |
no. 37. |
|
| Uniform title |
Monographs on social anthropology ; |
| 856 42 - ELECTRONIC LOCATION AND ACCESS |
| Materials specified |
Publisher description |
| Uniform Resource Identifier |
<a href="http://www.loc.gov/catdir/enhancements/fy0601/98045323-d.html">http://www.loc.gov/catdir/enhancements/fy0601/98045323-d.html</a> |
| 942 ## - ADDED ENTRY ELEMENTS (KOHA) |
| Source of classification or shelving scheme |
Dewey Decimal Classification |
| Koha item type |
Books |